000 00501nam a2200157 i 4500
001 34134
003 ES-MaACL
005 20230906154859.0
007 t|
008 030204s1972 sp ||||1| spa d
100 1 _aBlanco Portugal, José Antonio.
_929280
245 1 4 _aLos partidos políticos
_b: las instituciones políticas /
_cJosé Antonio Blanco Portugal.
260 _aSantander :
_b[s.n.,
_c1972] (
_fImprenta Resma)
300 _aXIV, 218 p. ;
_c17 cm.
852 _aES-MaACL
_jC-53741
_bR.86690
999 _c34134
_d34134